00814nam a2200181 a 450000500170000000800410001702000180005805000280007605000280010424500400013226000460017230000210021844000280023952002600026765000320052765000320055965000410059120140412111336.0031017s19uu xx 00 eng d a0-02-661081-7 aTR(GS 372.4bESL47 2000 aTR(GS 372.4bA1 L.1(ES) aESL Supplement (orange) :blevel 1. aColumbus, Ohio :bSRA/McGraw-Hill,c2000. axxiv p. ; 363 p. aSRA: Open Court Reading aStudents who are learning to speak English as a Second Language (ESL) may need extra help with the Open Court Reading lessons. The ESL Supplement is a resource which teachers can use in providing extra help with English vocabulary and sentence structure. aReading--Study and teaching aWriting--Study and teaching aEnglish language--Study and Teaching